Statistics for business and economics. / (Record no. 7063)
[ view plain ]
| 000 -LEADER | |
|---|---|
| fixed length control field | 01314nam a22002177a 4500 |
| 008 - FIXED-LENGTH DATA ELEMENTS--GENERAL INFORMATION | |
| fixed length control field | 200204b xxu||||| |||| 00| 0 eng d |
| 020 ## - INTERNATIONAL STANDARD BOOK NUMBER | |
| International Standard Book Number | 9781408072233 |
| 050 ## - LIBRARY OF CONGRESS CALL NUMBER | |
| Classification number | HF1017.A6(e) |
| 100 ## - MAIN ENTRY--PERSONAL NAME | |
| Personal name | Anderson, David R. |
| 245 ## - TITLE STATEMENT | |
| Title | Statistics for business and economics. / |
| Statement of responsibility, etc. | David R. Anderson. |
| 250 ## - EDITION STATEMENT | |
| Edition statement | 3rd ed. |
| 260 ## - PUBLICATION, DISTRIBUTION, ETC. | |
| Place of publication, distribution, etc. | Hampshire : |
| Name of publisher, distributor, etc. | Cengage Learning, |
| Date of publication, distribution, etc. | 2014. |
| 300 ## - PHYSICAL DESCRIPTION | |
| Extent | xii, 638 p. : |
| Other physical details | ill. (col.) ; |
| Dimensions | 26 cm. |
| 500 ## - GENERAL NOTE | |
| General note | Includes index. |
| 505 ## - FORMATTED CONTENTS NOTE | |
| Formatted contents note | Contents: Data and statistics -- Descriptive statistics: tabular and graphical presentations -- Descriptive statistics: numerical measures -- Introduction to probability -- Discrete probability distributions -- Continuous probability distributions -- Sampling and sampling distributions -- Interval estimation --Hypothesis tests -- Statistical inference about means and proportions with two populations -- Inferences about population variances -- Tests of goodness of fit and independence -- Experimental design and analysis of variances -- Simple linear regression -- Multiple regression -- Regression analysis: model building -- Time series analysis and forecasting -- Non-parametric methods. |
| 700 ## - ADDED ENTRY--PERSONAL NAME | |
| Personal name | Sweency, Dennis J. |
| 700 ## - ADDED ENTRY--PERSONAL NAME | |
| Personal name | Williams, Thomas A. |
| 700 ## - ADDED ENTRY--PERSONAL NAME | |
| Personal name | Freeman, Jim. |
| 700 ## - ADDED ENTRY--PERSONAL NAME | |
| Personal name | Shoesmith, Eddie. |
| 942 ## - ADDED ENTRY ELEMENTS (KOHA) | |
| Source of classification or shelving scheme | Library of Congress Classification |
| Koha item type | Books |
| Withdrawn status | Lost status | Source of classification or shelving scheme | Damaged status | Not for loan | Home library | Current library | Date acquired | Total Checkouts | Full call number | Barcode | Date last seen | Price effective from | Koha item type |
|---|---|---|---|---|---|---|---|---|---|---|---|---|---|
| Library of Congress Classification | WISCONSIN INTERNATIONAL UNIVERSITY COLLEGE, GHANA - MAIN LIBRARY | WISCONSIN INTERNATIONAL UNIVERSITY COLLEGE, GHANA - MAIN LIBRARY | 04/02/2020 | HF1017.A6(e) | 8581/033/20 | 04/02/2020 | 04/02/2020 | Books |
